Macroeconomics Concepts, Theories, and Policies

Salvato in:
Dettagli Bibliografici
Autore principale: Dernburg, Thomas F.
Natura: Libro
Lingua:inglese
Pubblicazione: New York MacGraw-Hill Book Co. 1985
Edizione:7. ed.
Soggetti:
Tags: Aggiungi Tag
Nessun Tag, puoi essere il primo ad aggiungerne!!

MARC

LEADER 00000nam a2200000 4500
001 c021319
005 20221207073811.5
020 |a 0-07-016536-X 
041 0 |a eng 
044 |a US 
245 1 0 |a Macroeconomics  |b Concepts, Theories, and Policies  |c Thomas F. Dernburg 
250 |a 7. ed. 
264 1 |a New York  |b MacGraw-Hill Book Co.  |c 1985 
300 |a 490 s. 
610 2 0 |a makroekonomika 
610 2 0 |a dôchodok národný 
610 2 0 |a zamestnanosť 
610 2 0 |a rast hospodársky 
610 2 0 |a inflácia 
610 2 0 |a politika fiškálna 
100 1 |a Dernburg, Thomas F.